000 01242cam a2200349 i 4500
001 74500
003 ARRUPE
005 20141105173231.0
008 820517s1979 enkacf b 000 1 eng d
020 _a0855279850
035 _a(OCoLC)6457673
035 _a(OCoLC)ocm06457673
035 _a(CStRLIN)NYCG82-B17280
035 _a(NNC)74500
040 _aMiU
_cMiU
090 _aBC199.I5
_bI57 1979b
245 0 0 _aIntention and intentionality :
_bessays in honour of G. E. M. Anscombe /
_cedited by Cora Diamond and Jenny Teichman.
260 _aBrighton, Sussex :
_bHarvester Press,
_c1979.
300 _axix, 265 p., [1] leaf of plates :
_bill., port. ;
_c23 cm.
504 _a"Bibliography of books and papers by G. E. M. Anscombe": p. xvii-xix.
504 _aIncludes bibliographical references.
600 1 0 _aAnscombe, G. E. M.
_q(Gertrude Elizabeth Margaret)
_912408
650 0 _aIntention (Logic)
_912409
650 0 _aIntentionalism.
_912410
650 0 _aAct (Philosophy)
_912411
650 0 _aNecessity (Philosophy)
_911386
700 1 _aAnscombe, G. E. M.
_q(Gertrude Elizabeth Margaret)
_912412
700 1 _aDiamond, Cora.
_912413
700 1 _aTeichman, Jenny.
_912414
942 _2lcc
_cMONOGRAPH
999 _c121179
_d121179